| 000 | 00355nam a22001577a 4500 | ||
|---|---|---|---|
| 003 | SGT | ||
| 020 | _a978-93-5152-248-5 | ||
| 082 |
_a617.632 _bM14R |
||
| 100 | _aREDDY,SHANTIPRIYA | ||
| 245 | _aMANUAL OF CLINICAL PERIODONTICS | ||
| 250 | _a2ND | ||
| 260 |
_aDELHI _bJAYPEE BROTHERS _c2014 |
||
| 300 | _a176 | ||
| 650 | _aPERIODONTICS | ||
| 942 |
_2ddc _cBK |
||
| 999 |
_c10899 _d10899 |
||